Á lódáil...

Stochastic Processes and their applications

Sonraí Bibleagrafaíochta
Príomhúdar: Vijayakumar, A
Údair Eile: Vijayakumar, A & Sreenivasan M
Formáid: Printed Book
Teanga:English
Foilsithe: New delhi Narosa publishing House 1999
Eagrán:1st ed.
Ábhair:
LEADER 00578nam a2200169Ia 4500
008 101204s9999 xx 000 0 eng d
020 |a 8173192529 
100 |a Vijayakumar, A 
245 |a Stochastic Processes and their applications 
250 |a 1st ed. 
260 |b Narosa publishing House  |a New delhi  |c 1999 
300 |a 432 
650 |a Stochastic Processes 
700 |a Vijayakumar, A & Sreenivasan M 
942 |c BK 
999 |c 188688  |d 188688 
952 |0 0  |1 0  |4 0  |6 518_000000000000000_VIJ_S  |7 0  |9 208031  |a STA  |b STA  |c ST1  |d 2010-12-04  |i 1282  |l 0  |o 518 VIJ/S  |p STA1282  |r 2018-08-21  |w 2018-08-21  |y BK